000
00282 a2200133 4500
001
68175
040
_c
Anchieta - Pituba
100
_a
Rodrigues, Victor
240
1
0
_a
Praga de poeta
_l
por
245
1
0
_a
Praga de poeta
362
0
_a
2012
650
4
_a
Poesia brasileira
942
_c
BK
999
_c
68175
_d
68175